Category manažment

Vymedzenie pojmu category manažment. Vývoj tejto disciplíny a proces riadenia, ktorý pozostáva z ôsmich častí: definícia kategórie, role kategórie, hodnotenie kategórie, meranie výkonnosti kategórie, stratégia kategórie, taktika kategórie, implementácia plánu a kontrola.

Guardado en:
Detalles Bibliográficos
Autor principal: Gogová, Veronika
Formato: Capítulo de libro
Lenguaje:eslovaco
Materias:
Etiquetas: Agregar Etiqueta
Sin Etiquetas, Sea el primero en etiquetar este registro!

MARC

LEADER 00000nla a2200000 4500
001 0239246
005 20240417075131.5
041 0 |a slo 
044 |a SK 
245 1 0 |a Category manažment  |c Veronika Gogová 
520 |a Vymedzenie pojmu category manažment. Vývoj tejto disciplíny a proces riadenia, ktorý pozostáva z ôsmich častí: definícia kategórie, role kategórie, hodnotenie kategórie, meranie výkonnosti kategórie, stratégia kategórie, taktika kategórie, implementácia plánu a kontrola. 
610 2 0 |a manažment sortimentný 
610 2 0 |a riadenie podnikové 
610 2 0 |a meranie výkonnosti 
610 2 0 |a pojmy 
610 2 0 |a plánovanie 
100 1 |a Gogová, Veronika